000 00712nam a2200265Ia 4500
008 160114s9999 xx 000 0 und d
020 _a0-141316454
050 _aFic
050 _b.D533l 2003
100 _aDhami, Narinder
245 4 _aThe Lion King /
_cNarinder Dhami.
260 _aEngland :
_bPenguin Group
_c2003
300 _a60 pages;
_bcolor illustrations ;
_c23 cm.
440 _a Disney's wonderful world of reading.
650 _aAfrica --
650 _aAnimals --
650 _aAnimals --
650 _aLion --
650 _aLion --
650 _xFiction.
650 _xFiction.
650 _xJuvenile fiction.
650 _xJuvenile fiction.
650 _xJuvenile fiction.
999 _c290388
_d290388